Szovjet újságíró vendégek Szegeden
Elmentve itt :
| Dokumentumtípus: | Cikk |
|---|---|
| Megjelent: |
1966-03-31
|
| Sorozat: | Délmagyarország
56 No. 76 |
| Kulcsszavak: | Kulturális kapcsolatok magyar-szovjet, sajtó |
| Online Access: | http://dmarchiv.bibl.u-szeged.hu/74741 |
| LEADER | 00440nab a2200145 i 4500 | ||
|---|---|---|---|
| 001 | delm74741 | ||
| 005 | 20180928082617.0 | ||
| 008 | 180928s1966 hu o 0|| hun d | ||
| 040 | |a SZTE Délmagyarország Archívum |b hun | ||
| 041 | |a hun | ||
| 245 | 0 | 0 | |a Szovjet újságíró vendégek Szegeden |h [elektronikus dokumentum] |
| 260 | |c 1966-03-31 | ||
| 300 | |a 3 | ||
| 490 | 0 | |a Délmagyarország |v 56 No. 76 | |
| 695 | |a Kulturális kapcsolatok magyar-szovjet, sajtó | ||